00588nam a22001817a 450000500170000001000150001702000260003203500140005803700090007208200150008110000170009624500930011325000060020626000500021227000970026230000230035970000240038220240821123141.0 aENG-141346 a9788192060918c390.00 aEN-124878 bDBAD a659.11121 aBhashyam, G. aAdvertising & Media Planning:bSkill Enhancement Course/cBy G. Bhashyam [and] G. Prasad a1 aAndhra PradeshbJai Bharath Publishers c2023 a2/18 Brodiepet, D No. 5-19-33/1GunturbAndhra Pradeshe522002k9885166397mjbp682@gmail.com a172p.:c28cm.(pbk) aPrasad, G. eAuthor